Determinants of Financial Development /

A PDF version of this book is available for free in open access via the OAPEN Library platform, www.oapen.org. This book examines the emergence of both financial markets and carbon markets, and provides an in-depth investigation on the fundamental determinants of financial development.

Bibliographic Details
Main Author: Huang, Y. (Author)
Corporate Author: SpringerLink (Online service)
Format: eBook
Language:English
Published: London : Palgrave Macmillan UK : Imprint: Palgrave Macmillan, 2011.
Edition:1st ed. 2011.
Subjects:
Online Access:Connect to the full text of this electronic book

MARC

Tag First Indicator Second Indicator Subfields
LEADER 00000nam a22000005i 4500
001 in00004802613
006 m o d
007 cr nn 008mamaa
008 151204s2011 xxk| o |||| 0|eng d
005 20240731181144.5
020 |a 9780230302495 
024 7 |a 10.1057/9780230302495  |2 doi 
035 |a (DE-He213)978-0-230-30249-5 
050 4 |a HB172.5 
072 7 |a KCB  |2 bicssc 
072 7 |a BUS039000  |2 bisacsh 
072 7 |a KCB  |2 thema 
082 0 4 |a 339  |2 23 
100 1 |a Huang, Y.  |e author.  |4 aut  |4 http://id.loc.gov/vocabulary/relators/aut 
245 1 0 |a Determinants of Financial Development /  |c by Y. Huang. 
250 |a 1st ed. 2011. 
264 1 |a London :  |b Palgrave Macmillan UK :  |b Imprint: Palgrave Macmillan,  |c 2011. 
300 |a 1 online resource (XIX, 206 pages) 
336 |a text  |b txt  |2 rdacontent 
337 |a computer  |b c  |2 rdamedia 
338 |a online resource  |b cr  |2 rdacarrier 
347 |a text file  |b PDF  |2 rda 
506 0 |a Open Access 
520 |a A PDF version of this book is available for free in open access via the OAPEN Library platform, www.oapen.org. This book examines the emergence of both financial markets and carbon markets, and provides an in-depth investigation on the fundamental determinants of financial development. 
650 0 |a Macroeconomics. 
650 0 |a Urban economics. 
650 0 |a Financial services industry. 
650 0 |a Environmental economics. 
650 0 |a Development economics. 
650 0 |a International economic relations. 
650 1 4 |a Macroeconomics and Monetary Economics. 
650 2 4 |a Urban Economics. 
650 2 4 |a Financial Services. 
650 2 4 |a Environmental Economics. 
650 2 4 |a Development Economics. 
650 2 4 |a International Political Economy'. 
655 7 |a Electronic books.  |2 local 
710 2 |a SpringerLink (Online service) 
773 0 |t Springer Nature eBook 
776 0 8 |i Printed edition:  |z 9780230273672 
776 0 8 |i Printed edition:  |z 9781349324149 
776 0 8 |i Printed edition:  |z 9781349324156 
856 4 0 |u https://doi.org/10.1057/9780230302495  |z Connect to the full text of this electronic book  |t 0 
950 |a Palgrave Economics & Finance Collection (SpringerNature-41136) 
950 |a Economics and Finance (R0) (SpringerNature-43720) 
955 |a Springer OA ebooks. 
999 f f |s 66b719ec-6710-45f3-877f-398490ecb8c8  |i 6351ecb1-0529-4722-be9a-9619efba8f6e  |t 0 
952 f f |a Texas A&M University  |b College Station  |c Electronic Resources  |d Available Online  |t 0  |e HB172.5   |h Library of Congress classification 
998 f f |a HB172.5   |t 0  |l Available Online